Ingeniería medioambiental aplicada: casos prácticos

Đã lưu trong:
Chi tiết về thư mục
Tác giả chính: Seoánez Calvo, Mariano (Tác giả)
Định dạng: Sách
Ngôn ngữ:Tiếng Tây Ban Nha
Được phát hành: Madrid Mundi-Prensa 1997
Loạt:Colección Ingeniería del Medio Ambiente
Những chủ đề:
Các nhãn: Thêm thẻ
Không có thẻ, Là người đầu tiên thẻ bản ghi này!

MARC

LEADER 00000cam a2200000 a 4500
001 UCQ2550
003 CL-VaPUC
008 980724e19970000SP |||||||||||||||||spa|d
020 |a 8471147068 
082 0 4 |a 577  |b SEO  |2 21 
100 0 |a Seoánez Calvo, Mariano  |e author  |9 416497 
245 1 0 |a Ingeniería medioambiental aplicada: casos prácticos 
246 1 0 |a Resolución de 120 casos prácticos, problemas y proyectos reales para gestores, técnicos, docentes y alumnos 
300 |a 528 p 
942 |c BK 
945 |d 19980724 00:00:00  |a aarredon 
260 |a Madrid  |b Mundi-Prensa  |c 1997 
650 0 |a Medio ambiente  |9 257625 
650 7 |a CONSERVACION DE LOS RECURSOS NATURALES  |2 CL-VaPUC  |9 261621 
650 0 |a Contaminación atmosférica  |9 262775 
650 0 |a Residuos sólidos   |9 367336 
650 7 |a CONTAMINACION MARINA  |2 CL-VaPUC  |9 416498 
650 0 |a Residuos industriales  |9 261421 
650 0 |a Proyectos de inversión   |9 261065 
583 |a last modification  |c 20141030 01:12:57  |k Rodrigo Vera 
490 0 |a Colección Ingeniería del Medio Ambiente 
999 |c 273366  |d 273364 
952 |0 0  |1 0  |4 0  |6 577_000000000000000_SEO_1997  |7 0  |8 A  |9 308863  |a BIBING  |b BIBING  |d 2019-11-20  |i 3445186  |o 577 SEO 1997  |p 3445186  |r 2025-01-20  |w 2019-11-20  |y BK  |k EII 
952 |0 0  |1 0  |4 0  |6 577_000000000000000_SEO_1997  |7 0  |8 A  |9 308864  |a BIBING  |b BIBING  |d 2019-11-20  |i 4697049  |o 577 SEO 1997  |p 4697049  |r 2025-01-20  |w 2019-11-20  |y BK  |k CCL 
952 |0 0  |1 0  |4 0  |6 577_000000000000000_SEO_1997  |7 0  |8 A  |9 308865  |a BIBING  |b BIBING  |d 2019-11-20  |i 4843215  |o 577 SEO 1997  |p 4843215  |r 2025-01-20  |w 2019-11-20  |y BK  |k CCL 
952 |0 0  |1 0  |3 erb  |4 0  |6 577_000000000000000_SEO_1997  |7 0  |8 A  |9 308866  |a BIBING  |b BIBING  |i 5121612  |o 577 SEO 1997  |p 5121612  |r 2025-01-20  |w 2019-11-20  |y BK  |z Catalogado en:20141030  |k CCL